| 000 | 01296nam0a2200301 4500 | ||
|---|---|---|---|
| 001 | RU\NLR\bibl\1265706 | ||
| 005 | 20260406112648.0 | ||
| 010 |
_a978-5-8138-0851-7 _921000 |
||
| 021 |
_aRU _b2008-50678 _92807 |
||
| 021 |
_aRU _b2009-51881 _93186 |
||
| 035 | _a(NLR Aleph) 001251642 | ||
| 090 |
_a322817 _c322817 |
||
| 100 | _a20080827d2007 |||y0rusy50 ca | ||
| 101 | 0 | _arus | |
| 102 | _aRU | ||
| 105 | _aa ||||||||| | ||
| 200 | 1 |
_aУпрямый козленок _e[сказки _eдля дошкольного возраста] _fС. Михалков _g[худож. С. Самсоненко] |
|
| 210 |
_aМосква _cРусич _d2007 |
||
| 215 |
_a46, [1] с. _cцв. ил. _d20 |
||
| 225 | 1 | _aЧтение для малышей | |
| 327 | 1 | _aСодерж.: Упрямый козленок; Зеркало; Заяц-симулянт; Пеликанье воспитание; Осел и Бобр | |
| 700 | 1 |
_4070 _8rus _7ca _aМихалков _bС. В. _cписатель _f1913-2009 _gСергей Владимирович _3RU\NLR\AUTH\7792 _9110194 |
|
| 702 | 1 |
_4040 _8rus _7ca _aСамсоненко _bС. _cхудожник _gСергей _3RU\NLR\auth\77104919 _987844 |
|
| 801 | 0 |
_aRU _bNLR _c20080827 _gRCR |
|
| 801 | 1 |
_aRU _bNLR _c20080827 |
|
| 942 | _cBOOK | ||
| 980 | _aNB | ||